00400nam a2200121Ia 45000010005000000080041000050820019000461000018000652450125000832600028002089010027002369990015002631174241024s9999 xx 000 0 und d aRD/624.7/F761p a[*SIN AUTOR*] 0aFotos Proyectos Centros Educativos Estanislao Florian en los Cocos de Neyba y Boca de Cachon de Jimani y otros proyectos b[*SIN EDITORIAL*]c2011 a8/2/2011 11:33:50 a.m. c8039d8039